| 000 | 01328cam a22003613a 4500 | ||
|---|---|---|---|
| 001 | 6306 | ||
| 003 | PGUSA | ||
| 005 | 20140828083130.0 | ||
| 008 | 040801s2004||||xxu|||||s|||||000 | eng d | ||
| 040 |
_aPGUSA _beng |
||
| 042 | _adc | ||
| 050 | 4 | _aN | |
| 100 | 1 |
_aHubbard, Elbert, _d1856-1915 |
|
| 245 | 1 | 0 |
_aLittle Journeys to the Homes of the Great - Volume 06 : _bLittle Journeys to the Homes of Eminent Artists _h[electronic resource] / _cElbert Hubbard |
| 260 |
_bProject Gutenberg, _c2004 |
||
| 505 | 0 | _aRaphael -- Leonardo -- Botticelli -- Thorwaldsen -- Gainsborough -- Velasquez -- Corot -- Correggio -- Bellini -- Cellini -- Whistler. | |
| 506 | _aPublic domain in the USA. | ||
| 516 | _aElectronic text | ||
| 653 | _aVelázquez, Diego, 1599-1660 | ||
| 653 | _aBellini, Giovanni, d. 1516 | ||
| 653 | _aWhistler, James McNeill, 1834-1903 | ||
| 653 | _aCorot, Jean-Baptiste-Camille, 1796-1875 | ||
| 653 | _aBotticelli, Sandro, 1444 or 5-1510 | ||
| 653 | _aRaphael, 1483-1520 | ||
| 653 | _aLeonardo, da Vinci, 1452-1519 | ||
| 653 | _aThorvaldsen, Bertel, 1770-1844 | ||
| 653 | _aGainsborough, Thomas, 1727-1788 | ||
| 653 | _aCellini, Benvenuto, 1500-1571 | ||
| 653 | _aCorreggio, 1489?-1534 | ||
| 830 | 0 |
_aProject Gutenberg _v6306 |
|
| 856 | 4 | 0 | _uhttp://www.gutenberg.org/ebooks/6306 |
| 942 | _cEB | ||
| 999 |
_c235629 _d235629 |
||